| 000 | 01158naa a22003377a 4500 | ||
|---|---|---|---|
| 001 | BR9208230 | ||
| 003 | BR-BrBNA | ||
| 005 | 20240918180808.0 | ||
| 007 | ta | ||
| 008 | 230509b bl.||||| |||| 00| 0 por d | ||
| 040 |
_aBR-BrBNA _bpor _cBiblioteca Nacional de Agricultura |
||
| 041 | _a(Pt) | ||
| 072 |
_aE70 _b1121 |
||
| 090 | _aE70 BR9208230 | ||
| 100 | 1 | _aSilva, A.F. da | |
| 100 | 1 | _aOliveira, G.C. de | |
| 100 | 1 | _aChagas, V.R. das | |
| 111 | 1 |
_aA Pupunheira e suas Potencialidades Economicas _cManaus, AM (Brazil) _d18-20 Nov 1991 |
|
| 245 | 1 | _aAspectos mercadologicos para industrializacao de produtos da pupunheira | |
| 260 | 3 |
_aManaus, AM (Brasil): _c1991. |
|
| 500 | _aSeminario: A Pupunheira e suas Potencialidades Economicas Manaus, AM (Brasil): 1991. p. 116-136 (BR9208230-AM)E70 | ||
| 650 | _aPUPUNHA | ||
| 650 | _aPALMITO | ||
| 650 | _aEXPORTACAO | ||
| 650 | _aOFERTA | ||
| 650 | _aDEMANDA | ||
| 650 | _aMERCADO INTERNACIONAL | ||
| 773 | 0 |
_tSeminario: A Pupunheira e suas Potencialidades Economicas _wE70 BR9208230 _gManaus, AM (Brasil), 1991. p. 116-136 |
|
| 909 |
_a202404 _bLucia _c55 _dLucia Elande |
||
| 942 |
_cAM _2AGRIS |
||
| 999 |
_c322069 _d322069 |
||